000 02343nam a2200373 a 4500
001 000045398
003 DO-SdBPM
005 20260303090849.0
007 ta
008 150306s2014 dr ab r 000 0 spa d
020 _a9789945589283
040 _aDO-SdBPM
_bspa
_cBPMSU
_erda
082 4 _a355.48
_bS718e 2014
_222
100 1 _aSoto Jiménez, José Miguel,
_d1956-
_eautor
_4aut.
245 1 3 _aEl estrategicón :
_bdel arte de la guerra al arte de la política /
_cJosé Miguel Soto Jiménez ; prólogo José-Dorín-Cabrera, edición al cuidado de Juan Carlos Mieses.
264 _aSanto Domingo :
_bEditorial Santuario,
_c2014.
300 _a262 páginas :
_bilustraciones, mapas ;
_c23 cm.
336 _atexto
_btxt
_2rdacontent
337 _asin mediación
_bn
_2rdamedia
338 _avolumen
_bnc
_2rdacarrier
500 _a
500 _aIncluye datos biográficos del autor en las solapas.
504 _aBibliografía : páginas 255-259
505 0 _aPrólogo / José -Dorín- Cabrera,13.-- A manera de introducción,37.-- Siguiendo las huellas para hacer las nuevas huellas,43.-- La política de la guerra,57.-- La lucha por el poder como punto de coincidencia entre la política y la guerra,63.--De Sun Tzu a Gene Sharp,75.-- Los niveles de la guerra en la política y otros elementos terminológicos,89.-- La estrategia,123.-- Los principios de la guerra y otros conceptos militares como herramientas del trabajo político,135.-- El comandante y su estado mayor,157.-- El asunto preliminar de las operaciones,171.-- El marco operacional,183.-- Tipos de operaciones de combate. La ofensiva,191.--La defensa. Tipos de defensa,201.--Operaciones retrógadas,207.-- Las otras operaciones u operaciones de no guerra,211.-- Operaciones conjuntas y combinadas. Otros conceptos,217.-- Del liderazgo al don de mando,225.-- Los niveles y principios de la guerra como instrumento dinámico del análisis político,233.-- Epílogo,253.-- Bibliografía,255.-- Reseña biográfica,261.
590 _aInventariado, 2026/VM
650 7 _aCiencia militar
650 7 _aTácticas militar
_2Historia
650 7 _aEstrategia militar
650 7 _aTácticas políticas
700 1 _aDorín Cabrera, José,
_eprólogo
700 1 _aMieses, Juan Carlo,
_eeditor
910 _aVMateo V. Control de calidad. BPMSU
942 _2ddc
_cBK
999 _c14454
_d14454